[Event "XXIII Festival A"]
[Site "Porto San Giorgio ITA"]
[Date "2011.08.23"]
[Round "3"]
[White "Zannoni, Gianni"]
[Black "Cocuzzi, Edoardo"]
[Result "0-1"]
[WhiteElo "1846"]
[BlackElo "1926"]
[PlyCount "118"]
[EventDate "2011.08.21"]

1. Nf3 d5 2. g3 Nf6 3. Bg2 Nc6 4. d4 Bf5 5. c3 Qc8 6. O-O Bh3 7. Nbd2 Bxg2 8.
Kxg2 e6 9. Re1 Bd6 10. e4 dxe4 11. Nxe4 Nxe4 12. Rxe4 Qd7 13. d5 Nd8 14. dxe6
Nxe6 15. Ne5 Bxe5 16. Qxd7+ Kxd7 17. Rxe5 Rad8 18. Rd5+ Kc6 19. Rxd8 Rxd8 20.
Be3 Kb5 21. Kf3 Kc4 22. Ke4 a5 23. f4 a4 24. Re1 c5 25. f5 Nc7 26. b3+ axb3 27.
axb3+ Kxb3 28. Rb1+ Kc4 29. Rxb7 Re8+ 30. Kf3 Nd5 31. Bd2 Re7 32. Rxe7 Nxe7 33.
f6 gxf6 34. Ke4 Nd5 35. Kf5 Nxc3 36. Bh6 Nd5 37. Ke4 Nc7 38. Kf5 Ne8 39. Ke4
Nd6+ 40. Kf4 Kd5 41. g4 c4 42. Ke3 f5 43. h3 fxg4 44. hxg4 f5 45. Kf3 fxg4+ 46.
Kxg4 Ke4 47. Bg7 Nf5 48. Bc3 Kd3 49. Be5 Ne7 50. Kg5 Ng8 51. Kf4 c3 52. Bxc3
Kxc3 53. Ke4 Kd2 54. Kf4 Ke2 55. Kg4 Kf2 56. Kh4 Nf6 57. Kg5 h5 58. Kh4 Kg2 59.
Kg5 Kg3 0-1

[Event "XXIII Festival A"]
[Site "Porto San Giorgio ITA"]
[Date "2011.08.23"]
[Round "4"]
[White "Abbatantuono, Oscar"]
[Black "De Rosa, Mariagrazia"]
[Result "1/2-1/2"]
[WhiteElo "1827"]
[BlackElo "2106"]
[PlyCount "52"]
[EventDate "2011.08.21"]

1. e4 c5 2. Nf3 d6 3. d4 cxd4 4. Nxd4 Nf6 5. Nc3 a6 6. Be3 e6 7. Be2 Be7 8. Qd2
Qc7 9. g4 Nc6 10. g5 Nd7 11. f4 b5 12. a3 Bb7 13. Rf1 Nxd4 14. Bxd4 e5 15. Be3
exf4 16. Bxf4 Ne5 17. O-O-O O-O 18. Nd5 Bxd5 19. Qxd5 Rac8 20. Rd2 Qc5 21. h4
Qxd5 22. Rxd5 f6 23. gxf6 Rxf6 24. Bxe5 Rxf1+ 25. Bxf1 dxe5 26. h5 Bg5+ 1/2-1/2

[Event "XXIII Festival A"]
[Site "Porto San Giorgio ITA"]
[Date "2011.08.23"]
[Round "4"]
[White "Allegranti, Luca"]
[Black "Panada, Valter"]
[Result "0-1"]
[WhiteElo "2025"]
[BlackElo "1902"]
[PlyCount "102"]
[EventDate "2011.08.21"]

1. d4 Nf6 2. Bg5 Ne4 3. Bf4 g5 4. Bc1 e6 5. f3 Nd6 6. e4 b6 7. Be3 Ba6 8. Ne2
Nc4 9. Bc1 d5 10. e5 c5 11. b3 Na5 12. Bb2 Nbc6 13. c3 cxd4 14. cxd4 Nb4 15.
Ng3 Bxf1 16. Rxf1 h5 17. a3 Nbc6 18. Qd3 Qd7 19. Nd2 Be7 20. Rc1 a6 21. Ke2 b5
22. Rc2 h4 23. Nh1 O-O 24. Nf2 f5 25. exf6 Bxf6 26. Ng4 Qg7 27. Nxf6+ Qxf6 28.
Rfc1 Rac8 29. Qe3 Ne7 30. Rxc8 Rxc8 31. Rxc8+ Nxc8 32. Qc3 Qd8 33. Qc5 Qd7 34.
Qc2 Ne7 35. Bc3 Nac6 36. Qd3 Qd6 37. Bb2 Qxh2 38. Kf1 Nf5 39. a4 h3 40. gxh3
Qxh3+ 41. Ke1 Nb4 42. Qc3 Qg3+ 43. Kf1 Qh3+ 44. Kg1 Qg3+ 45. Kf1 Qd6 46. axb5
Na2 47. Qc8+ Kf7 48. Qb7+ Kf6 49. bxa6 Qh2 50. Ne4+ Kg6 51. Nf2 Ng3+ 0-1

[Event "XXIII Festival A"]
[Site "Porto San Giorgio ITA"]
[Date "2011.08.23"]
[Round "4"]
[White "Balzano, Filli"]
[Black "Fagnani, Alessandro"]
[Result "0-1"]
[WhiteElo "1822"]
[BlackElo "1955"]
[PlyCount "62"]
[EventDate "2011.08.21"]

1. e4 e5 2. Nf3 Nc6 3. Bc4 Bc5 4. c3 Nf6 5. d3 d6 6. Bb3 Bg4 7. Nbd2 O-O 8. h3
Be6 9. Bc2 Qd7 10. Nf1 d5 11. Qe2 d4 12. Ng3 h6 13. Nh4 Ne7 14. Qf3 Ne8 15.
Nhf5 Nxf5 16. exf5 Bd5 17. Ne4 Bxe4 18. dxe4 Rd8 19. O-O dxc3 20. Qxc3 Bd4 21.
Qg3 Qc6 22. Qb3 Nf6 23. Re1 Rd6 24. Bd3 Rfd8 25. Bb5 Qc5 26. Re2 Rb6 27. Qg3
Qxb5 28. Bxh6 Nh5 29. Qg4 Qxe2 30. Bxg7 Qxf2+ 31. Kh2 Qf4+ 0-1

[Event "XXIII Festival A"]
[Site "Porto San Giorgio ITA"]
[Date "2011.08.23"]
[Round "4"]
[White "Barberi, Alessandro"]
[Black "Madiai, Federico"]
[Result "1/2-1/2"]
[WhiteElo "2062"]
[BlackElo "2195"]
[PlyCount "104"]
[EventDate "2011.08.21"]

1. d4 Nf6 2. Nf3 e6 3. e3 Be7 4. Bd3 d5 5. Nbd2 b6 6. b3 Bb7 7. Bb2 Nbd7 8. O-O
O-O 9. Ne5 Nxe5 10. dxe5 Ne4 11. Bxe4 dxe4 12. Qe2 Qe8 13. Rfd1 Rd8 14. Nf1 Qc6
15. Ng3 g6 16. c4 Rd3 17. f3 Rxd1+ 18. Rxd1 exf3 19. gxf3 Qe8 20. e4 Qc8 21.
Rd3 Rd8 22. Qd1 Rxd3 23. Qxd3 Bc6 24. a3 Qd7 25. Qxd7 Bxd7 26. Ne2 a6 27. Kf2
b5 28. cxb5 Bxb5 29. Nd4 Bd7 30. b4 c5 31. bxc5 Bxc5 32. f4 Ba4 33. Ke2 Kf8 34.
Kd3 Ke8 35. Kc4 Bf8 36. Bc1 Kd7 37. Bb2 Kc7 38. Bc1 Kb6 39. f5 Bb5+ 40. Kc3
exf5 41. exf5 gxf5 42. Nxf5 Bd7 43. Nd6 Be6 44. Ne4 Kb5 45. h4 Be7 46. h5 Kc6
47. Kd4 Bg4 48. h6 Bf5 49. Ng3 f6 50. Ne4 fxe5+ 51. Kxe5 Bg6 52. Ng5 Bxg5
1/2-1/2

[Event "XXIII Festival A"]
[Site "Porto San Giorgio ITA"]
[Date "2011.08.23"]
[Round "4"]
[White "Bardone, Lorenzo"]
[Black "Piro, Valerio"]
[Result "0-1"]
[WhiteElo "1775"]
[BlackElo "2008"]
[PlyCount "108"]
[EventDate "2011.08.21"]

1. e4 c6 2. d4 d5 3. e5 Bf5 4. Nf3 e6 5. Be2 c5 6. Be3 cxd4 7. Nxd4 Ne7 8. O-O
Nbc6 9. f4 a6 10. Nc3 Nxd4 11. Bxd4 Nc6 12. Rc1 Nxd4 13. Qxd4 Rc8 14. Qa4+ Qd7
15. Qxd7+ Kxd7 16. g4 Bc5+ 17. Kh1 Be4+ 18. Nxe4 dxe4 19. c3 Ke7 20. Rcd1 Rhd8
21. Rxd8 Rxd8 22. Rd1 Rxd1+ 23. Bxd1 Be3 24. Bc2 Bxf4 25. Bxe4 b6 26. Bd3 a5
27. h4 h6 28. Kg2 Bxe5 29. Kf3 g6 30. g5 h5 31. Bc2 f5 32. gxf6+ Kxf6 33. Bb3
Bd6 34. Bc4 Bc5 35. Kg3 Be3 36. Be2 e5 37. Bd3 Bc1 38. b4 axb4 39. cxb4 Bd2 40.
a3 Be1+ 41. Kh3 g5 42. hxg5+ Kxg5 43. Be2 e4 44. Kg2 h4 45. Kf1 h3 46. Kg1 Kh4
47. Kh2 Bg3+ 48. Kh1 Bd6 49. Kg1 Kg3 50. Bf1 h2+ 51. Kh1 e3 52. a4 Bxb4 53. a5
bxa5 54. Bc4 a4 0-1

[Event "XXIII Festival A"]
[Site "Porto San Giorgio ITA"]
[Date "2011.08.23"]
[Round "4"]
[White "Barlocco, Carlo"]
[Black "Movileanu, Daniela"]
[Result "1-0"]
[WhiteElo "2135"]
[BlackElo "1931"]
[PlyCount "103"]
[EventDate "2011.08.21"]

1. d4 g6 2. Nf3 Bg7 3. Nc3 d6 4. e4 Nd7 5. Bc4 e6 6. Qe2 Ne7 7. Be3 a6 8. O-O
b5 9. Bd3 Bb7 10. a4 b4 11. Na2 a5 12. c3 c5 13. Rfd1 d5 14. exd5 Nxd5 15. Bb5
Nxe3 16. Qxe3 Bxf3 17. Qxf3 O-O 18. dxc5 Ne5 19. Qe2 Qc7 20. cxb4 axb4 21. c6
Qe7 22. f4 Nxc6 23. Qf2 Rac8 24. Rac1 Na5 25. Rxc8 Rxc8 26. Rd7 Qf8 27. Qd2
Qc5+ 28. Kf1 Bf8 29. Qd4 Qxd4 30. Rxd4 Nb3 31. Rd3 Nc5 32. Rd1 Nb3 33. Rd3 Nc5
34. Rd1 Nb3 35. Rd3 Nc5 36. Re3 Nb7 37. Ba6 Rc7 38. Bxb7 Rxb7 39. Ke2 Bd6 40.
g3 Kf8 41. Kd3 Ra7 42. b3 Ke7 43. Re4 Rb7 44. Rc4 Kd7 45. Kd4 h5 46. Nc1 h4 47.
Nd3 Rb8 48. Ne5+ Bxe5+ 49. fxe5 hxg3 50. hxg3 Rd8 51. Rc5 Ke7+ 52. Kc4 1-0

[Event "XXIII Festival A"]
[Site "Porto San Giorgio ITA"]
[Date "2011.08.23"]
[Round "4"]
[White "Benaglia, Giovanni"]
[Black "Suppa, Ercole"]
[Result "1/2-1/2"]
[WhiteElo "1978"]
[BlackElo "2123"]
[PlyCount "54"]
[EventDate "2011.08.21"]

1. d4 c5 2. c3 e6 3. Nf3 d5 4. e3 Nf6 5. Bd3 Bd6 6. Nbd2 O-O 7. O-O Qc7 8. dxc5
Bxc5 9. e4 Nc6 10. Qe2 Bd6 11. Re1 Bf4 12. exd5 exd5 13. Nb3 Bf5 14. Bxf4 Qxf4
15. Qd2 Nh5 16. Nfd4 Rfe8 17. Qxf4 Nxf4 18. Bf1 Ne5 19. f3 Bd7 20. Rad1 a6 21.
Nc5 Bc6 22. Kf2 Nd7 23. Nxc6 Nxc5 24. Ne7+ Kf8 25. Nxd5 Rxe1 26. Kxe1 Re8+ 27.
Kf2 Rd8 1/2-1/2

[Event "XXIII Festival A"]
[Site "Porto San Giorgio ITA"]
[Date "2011.08.23"]
[Round "4"]
[White "Bondielli, Giorgio"]
[Black "Crafa, Carmine"]
[Result "1/2-1/2"]
[WhiteElo "1885"]
[BlackElo "1805"]
[PlyCount "41"]
[EventDate "2011.08.21"]

1. e4 e5 2. Nf3 Nc6 3. d4 exd4 4. Bc4 Nf6 5. O-O Nxe4 6. Re1 d5 7. Bxd5 Qxd5 8.
Nc3 Qd8 9. Nxe4 Be7 10. Bg5 O-O 11. Bxe7 Qxe7 12. Nxd4 Nxd4 13. Qxd4 Be6 14.
Qc3 b6 15. Ng3 Rad8 16. Re2 Qd7 17. h3 c5 18. Rae1 Qd4 19. Qa3 Qd7 20. Qc3 Qd4
21. Qa3 1/2-1/2

[Event "XXIII Festival A"]
[Site "Porto San Giorgio ITA"]
[Date "2011.08.23"]
[Round "4"]
[White "Bonghi, Alessandro"]
[Black "Paganini, Andrea"]
[Result "1-0"]
[WhiteElo "1939"]
[BlackElo "1852"]
[PlyCount "63"]
[EventDate "2011.08.21"]

1. e4 e5 2. d4 exd4 3. Nf3 Nc6 4. Nxd4 Nf6 5. Nxc6 bxc6 6. Bd3 Bc5 7. Nc3 d5 8.
Bf4 Bg4 9. Be2 Be6 10. e5 Nd7 11. O-O O-O 12. Bd3 Qh4 13. Qd2 Rab8 14. Rab1 Bb4
15. a3 Be7 16. Bg3 Qg4 17. Ne2 c5 18. c3 Qa4 19. Bc2 Qa5 20. Nf4 Kh8 21. Nxd5
Bxd5 22. Qxd5 Nb6 23. Qe4 g6 24. e6 f5 25. Be5+ Kg8 26. Qe3 Nc4 27. Qe2 Rxb2
28. Rxb2 Nxb2 29. a4 Nxa4 30. Qd2 c4 31. Re1 g5 32. Qd7 1-0

[Event "XXIII Festival A"]
[Site "Porto San Giorgio ITA"]
[Date "2011.08.23"]
[Round "4"]
[White "Borgiani, Flavio"]
[Black "Ragonese, Lucio Rosario"]
[Result "1-0"]
[WhiteElo "2156"]
[BlackElo "1969"]
[PlyCount "107"]
[EventDate "2011.08.21"]

1. d4 f5 2. g3 Nf6 3. Bg2 g6 4. c4 Bg7 5. Nc3 O-O 6. Nh3 c6 7. Nf4 d6 8. d5 e5
9. dxe6 Re8 10. O-O Bxe6 11. Nxe6 Rxe6 12. Qb3 Qb6 13. Be3 Qxb3 14. axb3 a6 15.
Rfd1 Nbd7 16. b4 Ne5 17. b3 Rd8 18. Bb6 Rd7 19. Ra2 Ne4 20. Nxe4 fxe4 21. Bh3
Kf7 22. Be3 h5 23. Bxe6+ Kxe6 24. Kg2 Nf7 25. f3 exf3+ 26. exf3 Nh6 27. Bxh6
Bxh6 28. Re2+ Kf7 29. b5 axb5 30. cxb5 c5 31. b4 b6 32. bxc5 bxc5 33. b6 Bf8
34. Rb1 Rb7 35. Ra2 Ke6 36. Ra7 Rb8 37. f4 d5 38. Kf3 c4 39. b7 Kd7 40. Ra8 Bd6
41. Ke3 Bc5+ 42. Kd2 Kc7 43. Rxb8 Kxb8 44. Rb5 Bg1 45. Rxd5 Bxh2 46. Rg5 h4 47.
Rxg6 Bxg3 48. f5 Bf4+ 49. Ke2 h3 50. f6 h2 51. f7 h1=Q 52. f8=Q+ Kxb7 53. Qxf4
Qd5 54. Rg7+ 1-0

[Event "XXIII Festival A"]
[Site "Porto San Giorgio ITA"]
[Date "2011.08.23"]
[Round "4"]
[White "Borino, Paolo"]
[Black "Almadori, Giovanni"]
[Result "1-0"]
[WhiteElo "1917"]
[BlackElo "1660"]
[PlyCount "49"]
[EventDate "2011.08.21"]

1. f4 Nf6 2. Nf3 g6 3. Nc3 Bg7 4. e4 d6 5. d4 c5 6. dxc5 Qa5 7. Bb5+ Bd7 8. Qd3
a6 9. Bxd7+ Nbxd7 10. O-O Nxc5 11. Qe2 b5 12. e5 dxe5 13. fxe5 Nfd7 14. Nd5 e6
15. b4 Qd8 16. Bg5 Qb8 17. Nf6+ Kf8 18. bxc5 Nxc5 19. Be3 Bxf6 20. exf6 Nd7 21.
Bh6+ Ke8 22. Bg7 Rg8 23. Ng5 h6 24. Nxe6 Qb6+ 25. Nc5+ 1-0

[Event "XXIII Festival A"]
[Site "Porto San Giorgio ITA"]
[Date "2011.08.23"]
[Round "4"]
[White "Boscolo, Federico"]
[Black "Marinone, Lucio"]
[Result "1-0"]
[WhiteElo "2210"]
[BlackElo "2002"]
[PlyCount "81"]
[EventDate "2011.08.21"]

1. e4 c5 2. c3 Nf6 3. e5 Nd5 4. Nf3 e6 5. d4 cxd4 6. cxd4 d6 7. Bc4 Nb6 8. Bd3
dxe5 9. dxe5 Be7 10. Nc3 Nc6 11. Qe2 Bd7 12. a3 Na5 13. Bf4 Bc6 14. Rd1 Qc8 15.
Bg3 Nb3 16. O-O O-O 17. Qc2 Nc5 18. Bxh7+ Kh8 19. Nd4 Nba4 20. Nxc6 Qxc6 21.
Nxa4 Qxa4 22. Qxa4 Nxa4 23. Be4 Nxb2 24. Rd7 Bxa3 25. Rxb7 Rad8 26. Rxa7 Rd4
27. Bf3 Nc4 28. h4 Bb2 29. Rb1 Rd2 30. Re1 Kg8 31. Re4 Rc8 32. Bh5 g6 33. Be2
Rc2 34. h5 gxh5 35. Bxh5 Rf8 36. Rb7 Ba1 37. Rc7 Ne3 38. Rxc2 Nxc2 39. Bh4 Kh7
40. Bf6 Kh6 41. Rh4 1-0

[Event "XXIII Festival A"]
[Site "Porto San Giorgio ITA"]
[Date "2011.08.23"]
[Round "4"]
[White "Boscolo, Marco"]
[Black "Bisi, Samuele"]
[Result "0-1"]
[WhiteElo "2166"]
[BlackElo "1977"]
[PlyCount "84"]
[EventDate "2011.08.21"]

1. d4 Nf6 2. c4 e6 3. Nc3 Bb4 4. Nf3 c5 5. e3 O-O 6. Bd3 cxd4 7. exd4 d5 8. O-O
dxc4 9. Bxc4 b6 10. Qe2 Bb7 11. Bg5 h6 12. Be3 Nc6 13. a3 Bxc3 14. bxc3 Na5 15.
Bd3 Rc8 16. Rac1 Qd6 17. c4 Ng4 18. g3 Nf6 19. Ne5 Nb3 20. Rb1 Qxa3 21. f3 Qd6
22. Bc2 Na5 23. Qd2 Rfd8 24. Bf4 Nc6 25. Qe3 Qf8 26. g4 Nxe5 27. Bxe5 Rxc4 28.
Bxf6 gxf6 29. Qd3 Rxc2 30. Qxc2 Qd6 31. Qd2 Kg7 32. Qe3 a5 33. Kg2 b5 34. Qc3
b4 35. Qb2 Bc6 36. h4 Qf4 37. Qe2 Qxg4+ 38. Kf2 Qxh4+ 39. Ke3 Qg5+ 40. Kf2 Bb5
41. Qe4 Bxf1 42. Rxf1 Qd2+ 0-1

[Event "XXIII Festival A"]
[Site "Porto San Giorgio ITA"]
[Date "2011.08.23"]
[Round "4"]
[White "Burani, Eugenio"]
[Black "Dietrich, Stefano"]
[Result "0-1"]
[WhiteElo "1943"]
[BlackElo "1857"]
[PlyCount "66"]
[EventDate "2011.08.21"]

1. e4 c5 2. Nf3 Nc6 3. d4 cxd4 4. Nxd4 Nf6 5. Nc3 e5 6. Ndb5 d6 7. Bg5 a6 8.
Na3 b5 9. Nd5 Be7 10. Nxe7 Nxe7 11. Bxf6 gxf6 12. c3 f5 13. Bd3 f4 14. Nc2 Be6
15. Nb4 Qb6 16. a4 O-O 17. Nd5 Bxd5 18. exd5 f5 19. Qh5 e4 20. Bc2 bxa4 21. O-O
Qxb2 22. Bxa4 Qxc3 23. Rac1 Qg7 24. Rc7 f3 25. g3 Rfc8 26. Rxc8+ Rxc8 27. Bd7
Rf8 28. Be6+ Kh8 29. h3 f4 30. g4 e3 31. Kh2 e2 32. Re1 Qc3 33. Qh6 Ng6 0-1

[Event "XXIII Festival A"]
[Site "Porto San Giorgio ITA"]
[Date "2011.08.23"]
[Round "4"]
[White "Calandri, Fausto"]
[Black "Carnicelli, Flavio"]
[Result "1/2-1/2"]
[WhiteElo "2118"]
[BlackElo "1904"]
[PlyCount "55"]
[EventDate "2011.08.21"]

1. e4 e5 2. Nf3 Nc6 3. d4 exd4 4. Nxd4 Nf6 5. Nc3 Bb4 6. Nxc6 bxc6 7. Bd3 d5 8.
exd5 cxd5 9. O-O O-O 10. Bg5 c6 11. Qf3 Be7 12. Rae1 Rb8 13. Ne2 Rxb2 14. Nd4
Bd7 15. Nf5 Bxf5 16. Qxf5 Ne4 17. Bxe4 dxe4 18. Bxe7 Qxe7 19. Rxe4 Qb7 20. Rg4
g6 21. a4 Rb1 22. Qd3 Rxf1+ 23. Kxf1 Qb1+ 24. Ke2 Re8+ 25. Re4 Rxe4+ 26. Qxe4
Qb6 27. Qe8+ Kg7 28. Qe5+ 1/2-1/2

[Event "XXIII Festival A"]
[Site "Porto San Giorgio ITA"]
[Date "2011.08.23"]
[Round "4"]
[White "Caldarola, Stefano"]
[Black "Mazzarella, Antonio"]
[Result "1/2-1/2"]
[WhiteElo "1809"]
[BlackElo "2028"]
[PlyCount "57"]
[EventDate "2011.08.21"]

1. d4 d5 2. c4 e6 3. Nf3 Nf6 4. g3 Bb4+ 5. Bd2 Be7 6. Bg2 O-O 7. Bc3 c5 8. O-O
Nc6 9. Nbd2 Rb8 10. b3 Ne4 11. Bb2 Nxd2 12. Nxd2 dxc4 13. dxc5 Bxc5 14. Nxc4
Qxd1 15. Rfxd1 f6 16. Nd6 Rd8 17. Nxc8 Rbxc8 18. e3 Bb6 19. Bf1 Kf7 20. Bb5 Ne7
21. Bc4 Rxd1+ 22. Rxd1 Rd8 23. Rxd8 Bxd8 24. Kf1 Nc8 25. Ke2 Nd6 26. Bd3 h6 27.
Bd4 b6 28. Bc3 Be7 29. f4 1/2-1/2

[Event "XXIII Festival A"]
[Site "Porto San Giorgio ITA"]
[Date "2011.08.23"]
[Round "4"]
[White "Cantoro, Daniele"]
[Black "Proietti, Tosca"]
[Result "1-0"]
[WhiteElo "1999"]
[BlackElo "1821"]
[PlyCount "99"]
[EventDate "2011.08.21"]

1. d4 Nf6 2. Bg5 d5 3. Nc3 c6 4. Bxf6 exf6 5. e4 Bb4 6. exd5 Qxd5 7. Qd2 Bxc3
8. Qxc3 O-O 9. Nf3 Re8+ 10. Kd2 Be6 11. b3 Nd7 12. Bc4 Qd6 13. Rae1 Nb6 14.
Bxe6 fxe6 15. Qc5 Qf4+ 16. Kc3 Rad8 17. Kb2 Rd5 18. Qc3 Qc7 19. Qe3 c5 20. c4
cxd4 21. Nxd4 Re5 22. Qc3 Rxe1 23. Qxe1 e5 24. Nb5 Qc5 25. Qe3 Qb4 26. Qd3 a6
27. Nc3 Qc5 28. Qe3 Qb4 29. Qd3 Qc5 30. Qe3 Qb4 31. Kc2 Rc8 32. a3 Qc5 33. Qxc5
Rxc5 34. Rd1 Kf7 35. Rd6 Rc6 36. Rxc6 bxc6 37. Ne4 Nd7 38. Kc3 Ke6 39. Kb4 h6
40. Ka5 f5 41. Nd2 Kd6 42. b4 e4 43. Kxa6 Kc7 44. a4 g5 45. g4 fxg4 46. Nxe4
Ne5 47. c5 Nd3 48. b5 cxb5 49. axb5 Nb4+ 50. Ka7 1-0

[Event "XXIII Festival A"]
[Site "Porto San Giorgio ITA"]
[Date "2011.08.23"]
[Round "4"]
[White "Carletti, Davide M."]
[Black "Pepe, Mario"]
[Result "0-1"]
[WhiteElo "1726"]
[BlackElo "1999"]
[PlyCount "44"]
[EventDate "2011.08.21"]

1. e4 Nf6 2. e5 Nd5 3. d4 d6 4. c4 Nb6 5. f4 dxe5 6. fxe5 Nc6 7. Nf3 Bg4 8. Be2
e6 9. b3 Bb4+ 10. Bd2 Bxf3 11. Bxb4 Bxe2 12. Qxe2 Nxb4 13. a3 Qxd4 14. axb4
Qxa1 15. O-O Qd4+ 16. Kh1 O-O-O 17. Na3 Qd3 18. Qf2 Rd7 19. h3 Rhd8 20. Nb5
Qxf1+ 21. Qxf1 Rd1 22. Nd6+ R8xd6 0-1

[Event "XXIII Festival A"]
[Site "Porto San Giorgio ITA"]
[Date "2011.08.23"]
[Round "4"]
[White "Certic, Branimir"]
[Black "Gensabella, Paolo"]
[Result "1-0"]
[WhiteElo "2402"]
[BlackElo "1906"]
[PlyCount "61"]
[EventDate "2011.08.21"]

1. c4 Nf6 2. g3 g6 3. Bg2 Bg7 4. Nc3 d6 5. e4 c6 6. Nge2 e5 7. d3 Be6 8. O-O
O-O 9. h3 a5 10. Bg5 Na6 11. Qd2 Qd7 12. Kh2 Nc5 13. Rad1 Ne8 14. b3 f6 15. Be3
Bf7 16. d4 exd4 17. Nxd4 Ne6 18. Na4 Qc7 19. f4 Nxd4 20. Bxd4 c5 21. Bb2 Ra6
22. Rf3 Qe7 23. Rd3 Be6 24. Nc3 Kh8 25. Nb5 Bc8 26. Nxd6 Nxd6 27. Rxd6 Rxd6 28.
Qxd6 Qxd6 29. Rxd6 f5 30. e5 Re8 31. Rb6 1-0

[Event "XXIII Festival A"]
[Site "Porto San Giorgio ITA"]
[Date "2011.08.23"]
[Round "4"]
[White "Cipollaro, Giovanni"]
[Black "Ripa', Daniele"]
[Result "1-0"]
[WhiteElo "1866"]
[BlackElo "1966"]
[PlyCount "99"]
[EventDate "2011.08.21"]

1. d4 Nf6 2. Nf3 g6 3. g3 Bg7 4. Bg2 O-O 5. O-O d6 6. c4 Nc6 7. Nc3 a6 8. d5
Na5 9. Nd2 c5 10. Qc2 Rb8 11. b3 e5 12. dxe6 Bxe6 13. Bb2 d5 14. Nxd5 Nxd5 15.
Bxg7 Kxg7 16. cxd5 Bd7 17. Qxc5 b6 18. Qd4+ f6 19. Rac1 Bb5 20. Rfe1 Nb7 21. e4
Re8 22. e5 Nc5 23. exf6+ Qxf6 24. Qxf6+ Kxf6 25. Ne4+ Nxe4 26. Rxe4 Rxe4 27.
Bxe4 Ke5 28. f3 Kd6 29. Kf2 Re8 30. Ke3 Bd7 31. Kd4 Re5 32. h4 Re7 33. g4 Rf7
34. Ke3 Rf6 35. Rh1 Rf7 36. g5 Bf5 37. h5 Ke5 38. hxg6 hxg6 39. Rh8 Kd6 40. Kd4
Bd7 41. Rb8 Kc7 42. Rg8 Bf5 43. Bxf5 Rxf5 44. Rxg6 Rxf3 45. Rf6 Rg3 46. g6 Rg5
47. Ke4 a5 48. Kf4 Rg2 49. Kf5 Kd7 50. Rxb6 1-0

[Event "XXIII Festival A"]
[Site "Porto San Giorgio ITA"]
[Date "2011.08.23"]
[Round "4"]
[White "Cocuzzi, Edoardo"]
[Black "Cristiani, Cesare"]
[Result "1-0"]
[WhiteElo "1926"]
[BlackElo "2158"]
[PlyCount "65"]
[EventDate "2011.08.21"]

1. e4 e6 2. d4 d5 3. exd5 exd5 4. Bd3 c5 5. dxc5 Bxc5 6. h3 Nf6 7. Nf3 O-O 8.
O-O Qd6 9. b3 Nc6 10. a4 Nb4 11. c3 Nxd3 12. Qxd3 Re8 13. Ba3 Ne4 14. b4 Bb6
15. Nbd2 Bf5 16. Nh4 Qf4 17. Nxf5 Bxf2+ 18. Kh1 Qxf5 19. Nxe4 dxe4 20. Qc2 Qe5
21. Rxf2 e3 22. Re2 f5 23. Rf1 f4 24. Bb2 g5 25. c4 Qe4 26. Qc3 Qg6 27. Rd1 Kf7
28. c5 Rad8 29. Ree1 h5 30. b5 g4 31. Qc4+ Qe6 32. Qxf4+ Kg6 33. Rxd8 1-0

[Event "XXIII Festival A"]
[Site "Porto San Giorgio ITA"]
[Date "2011.08.23"]
[Round "4"]
[White "De Nisi, Giuseppe"]
[Black "Bellincampi, Stefano"]
[Result "1/2-1/2"]
[WhiteElo "1818"]
[BlackElo "2067"]
[PlyCount "53"]
[EventDate "2011.08.21"]

1. d4 Nf6 2. c4 e6 3. Nc3 Bb4 4. a3 Bxc3+ 5. bxc3 c5 6. Bg5 Qa5 7. Bd2 O-O 8.
f3 Nc6 9. e4 d6 10. Bd3 e5 11. Ne2 Qd8 12. d5 Ne7 13. Bg5 Ng6 14. O-O h6 15.
Bd2 Nh7 16. Ng3 Ne7 17. f4 exf4 18. Rxf4 Ng6 19. Rf1 Nf6 20. Qe1 Ng4 21. h3
N4e5 22. Be2 Kh7 23. Nh5 Rg8 24. Bxh6 gxh6 25. Nf6+ Kg7 26. Nh5+ Kh7 27. Nf6+
1/2-1/2

[Event "XXIII Festival A"]
[Site "Porto San Giorgio ITA"]
[Date "2011.08.23"]
[Round "4"]
[White "Della Sala, Bruno"]
[Black "Ciampi, Vincenzo"]
[Result "0-1"]
[WhiteElo "1818"]
[BlackElo "2101"]
[PlyCount "142"]
[EventDate "2011.08.21"]

1. e4 c5 2. d4 cxd4 3. c3 g6 4. cxd4 d5 5. exd5 Nf6 6. Nc3 Nxd5 7. Bc4 Nb6 8.
Bb3 Bg7 9. Be3 O-O 10. Nge2 Nc6 11. O-O Na5 12. Bc2 Nac4 13. Bc1 Bd7 14. b3 Nd6
15. Bb2 Rc8 16. Ng3 Nb5 17. Nce2 Nd5 18. Qd2 Bc6 19. Ne4 b6 20. Rfd1 Qd7 21. a4
Nd6 22. Nxd6 Qxd6 23. Ba3 Qd7 24. a5 Rfd8 25. Bd3 Qg4 26. f3 Bxd4+ 27. Kh1 Qh4
28. Nxd4 Qxd4 29. Bb2 Qe3 30. Ba6 Rb8 31. Rac1 Qxd2 32. Rxd2 Nb4 33. Rxd8+ Rxd8
34. Bc4 bxa5 35. Ba3 Kg7 36. h3 Bd5 37. Bxd5 Rxd5 38. Rc7 Rd3 39. Rxa7 Rxb3 40.
Rxa5 Nc6 41. Ra6 e5 42. Bd6 Rc3 43. Rb6 h5 44. Rb5 Kf6 45. Kg1 Rc2 46. Kh2 Ke6
47. Bc7 f6 48. Kg3 g5 49. Bb6 h4+ 50. Kh2 Nd4 51. Bxd4 exd4 52. Rb8 Rc6 53. Rb1
Kd5 54. Kg1 Re6 55. Kf2 d3 56. Rb3 Kd4 57. Rb8 Re2+ 58. Kg1 Rc2 59. Rd8+ Ke3
60. Re8+ Kd2 61. Rd8 Rc5 62. Kf2 Kc2 63. Ke3 Re5+ 64. Kf2 d2 65. Rc8+ Kb3 66.
Rb8+ Kc3 67. Rc8+ Kd3 68. Rd8+ Kc2 69. Rc8+ Kd1 70. Rd8 Rc5 71. Ke3 Rc2 0-1

[Event "XXIII Festival A"]
[Site "Porto San Giorgio ITA"]
[Date "2011.08.23"]
[Round "4"]
[White "Di Donatantonio, Franco"]
[Black "Varvaglione, Antonio"]
[Result "1-0"]
[WhiteElo "2143"]
[BlackElo "1936"]
[PlyCount "57"]
[EventDate "2011.08.21"]

1. d3 e5 2. e4 Nf6 3. Nf3 Nc6 4. Be2 d5 5. Nbd2 Bc5 6. O-O O-O 7. c3 a5 8. Qc2
Qe7 9. h3 Be6 10. Ng5 d4 11. Nxe6 fxe6 12. Nf3 b5 13. Bg5 dxc3 14. bxc3 b4 15.
Rac1 Bd6 16. Qa4 Qe8 17. Qb5 bxc3 18. Rxc3 Nd4 19. Nxd4 exd4 20. Rc6 Nd7 21.
Rc2 e5 22. Bg4 Nb6 23. Rc6 a4 24. Rxb6 cxb6 25. Qd5+ Kh8 26. Qxd6 Qb5 27. Be7
Rfb8 28. Bd7 Qxd3 29. Bc6 1-0

[Event "XXIII Festival A"]
[Site "Porto San Giorgio ITA"]
[Date "2011.08.23"]
[Round "4"]
[White "Di Lascio, Savino"]
[Black "Lapenna, Antonio"]
[Result "1-0"]
[WhiteElo "1982"]
[BlackElo "2150"]
[PlyCount "99"]
[EventDate "2011.08.21"]

1. Nf3 Nf6 2. g3 g6 3. b4 Bg7 4. Bb2 O-O 5. Bg2 c5 6. bxc5 Qa5 7. O-O Qc7 8.
Bd4 Na6 9. Nc3 Qc6 10. Ne5 Qc7 11. Nb5 Qd8 12. c4 Ne8 13. Qb3 Nxc5 14. Bxc5 d6
15. Nxf7 Rxf7 16. Bd4 e5 17. Bb2 Nf6 18. d4 e4 19. d5 Bg4 20. Rab1 Bxe2 21.
Rfe1 Bd3 22. Rbd1 Rc8 23. Rxd3 exd3 24. Bh3 d2 25. Rd1 Ne4 26. Be6 Ng5 27.
Bxf7+ Nxf7 28. Bxg7 Kxg7 29. Rxd2 Ne5 30. Nd4 Qd7 31. Ne6+ Kg8 32. Rc2 b6 33.
f4 Nf7 34. Re2 Nd8 35. Ng5 Nf7 36. Ne4 Qc7 37. Nf6+ Kf8 38. Nxh7+ Kg7 39. Ng5
Nxg5 40. Qc3+ Kh6 41. fxg5+ Kxg5 42. Qd2+ Kf6 43. Re6+ Kg7 44. Qg5 Qf7 45. Re7
Rxc4 46. Rxf7+ Kxf7 47. Qd2 Rc1+ 48. Kf2 Kf6 49. Qf4+ Ke7 50. Qe4+ 1-0

[Event "XXIII Festival A"]
[Site "Porto San Giorgio ITA"]
[Date "2011.08.23"]
[Round "4"]
[White "Di Mantino, Mauro"]
[Black "Paduano, Gennaro"]
[Result "0-1"]
[WhiteElo "1954"]
[BlackElo "1859"]
[PlyCount "63"]
[EventDate "2011.08.21"]

1. Nf3 g6 2. g3 Bg7 3. Bg2 d6 4. c4 Nf6 5. Nc3 c6 6. d4 O-O 7. O-O Qc7 8. d5
Nbd7 9. Bf4 a5 10. Rc1 Nc5 11. Nd4 Qd8 12. Bg5 cxd5 13. cxd5 h6 14. Be3 Nfd7
15. Qd2 Kh7 16. Ncb5 Ne5 17. h3 g5 18. f4 gxf4 19. gxf4 Ng6 20. f5 Ne5 21. f6
Bxf6 22. Nf5 Rg8 23. Bxh6 Rxg2+ 24. Kxg2 Qg8+ 25. Kh2 Bxf5 26. Rxf5 Qg6 27. Qc2
Rg8 28. Rh5 Qxc2 29. Rxc2 Kg6 30. Rxe5 Bxe5+ 31. Kg2 Kxh6+ 32. Kf2 0-1